The pesticide manual : Incorporating the agrochemicals handbook

Spremljeno u:
Bibliografski detalji
Format: Knjiga
Jezik:Undetermined
Izdano: England British crop protection Council 1994
Teme:
Oznake: Dodaj oznaku
Bez oznaka, Budi prvi tko označuje ovaj zapis!
Thư viện lưu trữ: Trung tâm Học liệu Trường Đại học Cần Thơ
LEADER 00477nam a2200169Ia 4500
001 CTU_38590
008 210402s9999 xx 000 0 und d
082 |a 632.9 
082 |b T374 
245 4 |a The pesticide manual : 
245 0 |b Incorporating the agrochemicals handbook 
260 |a England 
260 |b British crop protection Council 
260 |c 1994 
650 |a Pesticides 
904 |i Liên, Qhieu sua 
980 |a Trung tâm Học liệu Trường Đại học Cần Thơ